000 00773nam a2200229Ia 4500
003 OSt
005 20220923212330.0
006 a|||||r|||| 00| 0
007 ta
008 220922b |||||||| |||| 00| 0 hin d
024 _a152,290
037 _cTextual
040 _aARTS
_cARTS
_bhin
041 _2hin
_ahin
082 _aN144:8, 152K3
100 _aमंडन
245 0 _aप्रसाद मंडन* देवालय निर्माण शास्त्र, भगवानदास जैन अनु और संपा
246 _aPrasād hinḍana: devālaya nirmāṇ shāstra, bhagavānadās jain anu0 aur sanpā 0
260 _c1963
942 _hN144:8, 152K3
_cTEXL
_2CC
999 _c307939
_d307939